00854nam a2200217 a 4500001001000000003000500010005001700015008004100032010001100073011001100084040000900095100002900104245011300133260004100246500006000287502010800347650004000455650003100495650004000526856007000566000113081CHAP20220329144337.0170418s2016 mx sm |||||||spa d a109542 a110514 cCHAP1 aLópez Yerena, Anallely10aAprovechamiento integral de los frutos de Persea schiedeana neesh[En línea]cpor Anallely López Yerena. aChapingo, Méx. :bEl autor,c2016. aPara ver el contenido del material haga clic en la liga aTesis (M.C. en Ciencia y Tecnología Alimentaria) -- UACH. Departamento de Ingeniería Agroindustrial14aAceites vegetales como combustible.14aAguacatexValor nutritivo.14aPersea SchiedeanaxAprovechamiento. aFinding aiduhttp://10.13.5.2/tesis/sist113081.pdfzTeclea aquí